000 01791cam a22005054i 4500
003 PE-LiUPU
005 20250731165650.0
008 150616s r 000 0 d
020 _a080184312X
035 _a(Sirsi) i9780801843129
040 _aPE-LiUPU
_bspa
_cPE-LiUPU
_erda
049 _aPRUA
082 0 4 _a016.49229
_bF58
_221
100 1 _aFitzmyer, Joseph A.,
_eautor.
245 1 3 _aAn Aramaic Bibliography /
_cJoseph A. Fitzmyer y Stephen A. Kaufman.
264 1 _aBaltimore, Maryland :
_bThe Johns Hopkins University Press,
_c1992.
300 _a349 páginas ;
_c26 centímetros
336 _atext
_2rdacontent
337 _aunmediated
_2rdamedia
338 _avolume
_2rdacarrier
505 0 _aAramaic studies-general.- Texts.- Biblical aramaic.- References.- Appendixes.
526 _aSEG44
526 _aSEG26
526 _aP151
526 _aP150
526 _aP149
526 _aP146
526 _aP145
526 _aP126
526 _aP125
526 _aP92
526 _aP75
526 _aP74
526 _aP27
526 _aP15
650 1 4 _aFilología aramea
_vBibliografía.
700 1 _aKaufman, Stephen A.
_eautor
910 _ajck
_bjvq
_cjck
942 _2ddc
_cBOOK
949 _aRC 016.49229 F58
_wDEWEY
_c1
_i43306
_lCCODEBUL1
_mBUL
_r0
_sY
_tBOOK
_u2015-6-16
_xTEOLOGIA
_zUNKNOWN
_0COMPRA
_o.CIRCNOTE. No olvidar cambiar la fecha de devolución!!!!!!!
_o.STAFF. Colección General
994 _aC0
_bPEPRU
596 _a1
999 _aRC 016.49229 F58
_wDEWEY
_c61274
_i43306
_f2021-11-30
_g5
_lCCODEBUL1
_mBUL
_r1
_sY
_tBOOK
_u2015-6-16
_xTEOLOGIA
_zUNKNOWN
_0COMPRA
_o.CIRCNOTE. No olvidar cambiar la fecha de devolución!!!!!!!
_o.STAFF. Colección General
_d61274
980 _81
_gALBERTO SANCHEZ Responsable de Automatización